=LDR 00000nam 2200000 4500 =001 INLIS000000000025095 =005 20130612123630 =008 ***********************************Ind** =035 ##$$0010-061300000025095 =041 ##$$a Ind =082 ##$$a 4X0 =090 ##$$a 4X0, Kri p =100 ##$$a Kridalasana, Harimurti =245 ##$$a Pembentukan kata dalam bahasa indonesia, Harimurti Kridalasana =260 ##$$a 1992 $b jakarta =300 ##$$a 241 hlm, 23 cm =650 ##$$a Bahasa =850 ##$$a NBPNMAT